000 01073nam a2200301 i 4500
999 _c64927
_d64927
001 768714001
003 CO-MdFUSB
005 20190409075142.0
008 190405s2016 miu||||g |||| 00| 0 eng d
020 _a978-0-310-43719-2
040 _aCO-MdFUSB
_bspa
_cCO-MdFUSB
_dCO-MdFUSBC
_erda
041 _aeng
082 _224
_aG 220.561
_bSA231
245 1 0 _aGod's Justice: The Holy Bible
_b: The flourishing of creation and the destruction of evil
_c/
246 _aNew International Version God's Justice
264 1 _aGrand Rapids, Michigan :
_bZondervan,
_c℗[2016]
264 4 _c©2016
300 _a1780 páginas
_c; 24 cm
336 _2rdacontent
_atexto
_btxt
337 _2rdamedia
_asin mediación
_bn
338 _2rdacarrier
_avolumen
_bnc
500 _aElizabeth Sendek es la rectora del Seminario Bíblico de Colombia
505 _aTexto bíblico Nueva Versión Internacional con comentarios y notas.
650 0 _916
_aBiblia
700 _91420
_aSendek, Elizabeth
_eautora de notas al evangelio de Juan
942 _cBK